[Event "EU-ch Online U2300 Final"]
[Site "Chess.com INT"]
[Date "2020.05.26"]
[Round "7"]
[White "Tsaknakis, Zisis"]
[Black "Tsomaia, Nikoloz"]
[Result "1-0"]
[WhiteElo "2217"]
[BlackElo "2240"]
[PlyCount "147"]
[EventDate "2020.05.26"]
[EventType "swiss"]
[EventRounds "8"]
[EventCountry "NET"]
[SourceTitle "CBM 196 Extra"]
[Source "ChessBase"]
[SourceDate "2020.07.31"]
[SourceVersion "1"]
[SourceVersionDate "2020.07.31"]
[SourceQuality "1"]

1. d4 Nf6 2. c4 g6 3. g3 c5 4. Nf3 Bg7 5. Bg2 0-0 6. 0-0 d6 7. Nc3 Nc6 8. dxc5 dxc5 9. Be3 Be6 10. Qa4 Qa5 11. Qb5 Qb4 12. Bxc5 Qxc4 13. Qxc4 Bxc4 14. Nd2 Ba6 15. Bxc6 bxc6 16. Bxe7 Rfe8 17. Bxf6 Bxf6 18. Nce4 Bxb2 19. Rab1 Bg7 20. Nc5 Bxe2 21. Rfc1 Bh6 22. f4 Bg7 23. Ndb3 Bf3 24. Kf2 Bd5 25. Re1 Bc3 26. Rxe8+ Rxe8 27. Rc1 Bb4 28. Nd7 Kg7 29. Ne5 Ba3 30. Rc2 Rc8 31. Nd4 Be4 32. Rc4 Rb8 33. Ne6+ fxe6 34. Rxe4 Rb2+ 35. Re2 c5 36. Nc4 Rxe2+ 37. Kxe2 Bb4 38. Kd3 Kf6 39. Ke4 Bc3 40. a4 h6 41. Nd6 a6 42. Nc4 Bd4 43. h3 Bg1 44. Ne5 g5 45. Ng4+ Kg6 46. fxg5 Kxg5 47. Ne5 Bf2 48. h4+ Kf6 49. Ng4+ Kg6 50. Nxf2 h5 51. Ke5 Kf7 52. Ne4 c4 53. Kd4 c3 54. Kxc3 e5 55. Nc5 a5 56. Nb3 Kf6 57. Nxa5 Kf5 58. Nc4 Kg4 59. Nxe5+ Kxg3 60. Ng6 Kg4 61. a5 Kf5 62. a6 Kg4 63. a7 Kf5 64. a8Q Kg4 65. Qg2+ Kf5 66. Qg5+ Ke4 67. Qf4+ Kd5 68. Qe5+ Kc6 69. Kc4 Kd7 70. Qf6 Kc8 71. Qe7 Kb8 72. Kb5 Kc8 73. Kc6 Kb8 74. Qb7# 1-0

[Event "EU-ch Online U2300 Final"]
[Site "Chess.com INT"]
[Date "2020.05.26"]
[Round "5"]
[White "Tsomaia, Nikoloz"]
[Black "Rahal, Michael"]
[Result "1-0"]
[WhiteElo "2240"]
[BlackElo "2333"]
[PlyCount "93"]
[EventDate "2020.05.26"]
[EventType "swiss"]
[EventRounds "8"]
[EventCountry "NET"]
[SourceTitle "CBM 196 Extra"]
[Source "ChessBase"]
[SourceDate "2020.07.31"]
[SourceVersion "1"]
[SourceVersionDate "2020.07.31"]
[SourceQuality "1"]

1. e4 c5 2. Nc3 e6 3. f4 d5 4. Nf3 a6 5. g3 Nf6 6. e5 Nfd7 7. Bg2 Nc6 8. 0-0 Be7 9. d3 b5 10. Ne2 b4 11. Be3 a5 12. a3 Ba6 13. c3 bxa3 14. bxa3 Qc7 15. Qc2 0-0 16. c4 dxc4 17. dxc4 Nb6 18. Nd2 Rad8 19. Rab1 a4 20. Rfc1 Nd4 21. Bxd4 cxd4 22. Qd3 Bc5 23. Ne4 Nd7 24. h4 f6 25. exf6 Nxf6 26. Ng5 Rfe8 27. Rb5 Bxb5 28. cxb5 h6 29. Nf3 Qd6 30. Ne5 Nd5 31. Be4 Nf6 32. Bc6 Bxa3 33. Rc4 Bc5 34. Rxa4 Rf8 35. Nc1 Nh5 36. Nb3 Nxf4 37. gxf4 Rxf4 38. Nf3 Rg4+ 39. Kf1 e5 40. Qc4+ Kh8 41. Qxc5 Qg6 42. Nbd2 Qd3+ 43. Ke1 Rg2 44. Kd1 e4 45. Bxe4 Qe2+ 46. Kc1 Re8 47. Bc6 1-0

[Event "EU-ch Online U2300 Qual"]
[Site "Chess.com INT"]
[Date "2020.05.25"]
[Round "7"]
[White "Antova, Gabriela"]
[Black "Tsomaia, Nikoloz"]
[Result "0-1"]
[WhiteElo "2255"]
[BlackElo "2240"]
[PlyCount "106"]
[EventDate "2020.05.25"]
[EventType "swiss"]
[EventRounds "8"]
[EventCountry "NET"]
[SourceTitle "EXT 2021"]
[Source "ChessBase"]
[SourceDate "2020.10.23"]
[SourceVersion "1"]
[SourceVersionDate "2020.10.23"]
[SourceQuality "1"]

1. e4 e5 2. Nf3 Nc6 3. Bb5 a6 4. Ba4 Nf6 5. 0-0 Be7 6. Re1 b5 7. Bb3 d6 8. c3 0-0 9. h3 Nb8 10. d4 Nbd7 11. Nbd2 Bb7 12. a4 c5 13. Bc2 Qc7 14. Nf1 Rfc8 15. d5 c4 16. Ng3 g6 17. Bg5 Nc5 18. Nh2 Rcb8 19. a5 Bc8 20. Rf1 Qd8 21. f4 Nfd7 22. Qf3 b4 23. Bxe7 Qxe7 24. Ng4 b3 25. Bd1 Nd3 26. f5 Nf4 27. Ra4 Nf6 28. Rxc4 Nxg4 29. Qxg4 Qa7+ 30. Kh2 Bd7 31. Rf3 Rb5 32. Qg5 Qb8 33. Qe7 Rb7 34. Qg5 Qf8 35. Ne2 f6 36. Qg3 g5 37. Qf2 Qd8 38. Rb4 Rab8 39. Rxb3 Rxb3 40. Bxb3 Rxb3 41. Nc1 Rb5 42. b4 Qc7 43. Re3 Qc4 44. Qf3 Be8 45. g3 Nh5 46. Rd3 Ng7 47. Qe3 Rb7 48. Rd2 Bb5 49. h4 h6 50. hxg5 hxg5 51. Kg2 Qf1+ 52. Kh2 Ne8 53. Rf2 Rh7# 0-1

[Event "EU-ch Online U2300 Qual"]
[Site "Chess.com INT"]
[Date "2020.05.25"]
[Round "5"]
[White "Tsomaia, Nikoloz"]
[Black "Protopopova, Anastasiya"]
[Result "1-0"]
[WhiteElo "2240"]
[BlackElo "2192"]
[PlyCount "31"]
[EventDate "2020.05.25"]
[EventType "swiss"]
[EventRounds "8"]
[EventCountry "NET"]
[SourceTitle "EXT 2021"]
[Source "ChessBase"]
[SourceDate "2020.10.23"]
[SourceVersion "1"]
[SourceVersionDate "2020.10.23"]
[SourceQuality "1"]

1. e4 c5 2. Nc3 d6 3. f4 Nc6 4. Nf3 g6 5. Bc4 Bg7 6. 0-0 e6 7. d4 Nxd4 8. Be3 Nxf3+ 9. Qxf3 Ne7 10. f5 gxf5 11. exf5 Nxf5 12. g4 Rg8 13. Kh1 Bxc3 14. gxf5 d5 15. Bb5+ Bd7 16. fxe6 1-0

[Event "EU-ch Online U2300 Qual"]
[Site "Chess.com INT"]
[Date "2020.05.25"]
[Round "6"]
[White "Tsomaia, Nikoloz"]
[Black "Silich, Yahor"]
[Result "1-0"]
[WhiteElo "2240"]
[BlackElo "2330"]
[PlyCount "37"]
[EventDate "2020.05.25"]
[EventType "swiss"]
[EventRounds "8"]
[EventCountry "NET"]
[SourceTitle "EXT 2021"]
[Source "ChessBase"]
[SourceDate "2020.10.23"]
[SourceVersion "1"]
[SourceVersionDate "2020.10.23"]
[SourceQuality "1"]

1. e4 c5 2. Nc3 Nc6 3. Bb5 Nd4 4. Nf3 e6 5. 0-0 a6 6. Bd3 Nxf3+ 7. Qxf3 Qc7 8. b3 Ne7 9. Bb2 Nc6 10. Rfe1 Bd6 11. Nd5 exd5 12. exd5+ Kf8 13. dxc6 dxc6 14. Re2 h5 15. h3 Bg4 16. hxg4 hxg4 17. Qxg4 Bh2+ 18. Kf1 Be5 19. Rxe5 1-0

[Event "Tbilisi Gaprindashvili Cup"]
[Site "Tbilisi"]
[Date "2019.09.25"]
[Round "5"]
[White "Akhvlediani, Irakli"]
[Black "Tsomaia, Nikoloz"]
[Result "1-0"]
[WhiteElo "2292"]
[BlackElo "2315"]
[PlyCount "59"]
[EventDate "2019.09.21"]
[EventType "swiss"]
[EventRounds "9"]
[EventCountry "GEO"]
[SourceTitle "EXT 2020"]
[Source "ChessBase"]
[SourceDate "2019.10.17"]
[SourceVersion "1"]
[SourceVersionDate "2019.10.17"]
[SourceQuality "1"]

1. d4 Nf6 2. c4 g6 3. Nf3 Bg7 4. Nc3 c5 5. d5 d6 6. h3 0-0 7. e4 e6 8. Bd3 Na6 9. 0-0 Nc7 10. Re1 a6 11. a4 Rb8 12. a5 Nd7 13. Bg5 Qe8 14. Qd2 b5 15. e5 bxc4 16. exd6 Rxb2 17. Qxb2 Nxd5 18. Bxc4 Bxc3 19. Qb3 Bxa1 20. Rxa1 Nb4 21. Be7 Bb7 22. Re1 Bd5 23. Nd2 Qb8 24. Bxf8 Kxf8 25. Bxd5 exd5 26. Qg3 Nc6 27. Nf3 Qb4 28. Qg5 Nde5 29. Rxe5 Nxe5 30. Qe7+ 1-0

[Event "Tbilisi Gaprindashvili Cup"]
[Site "Tbilisi"]
[Date "2017.11.13"]
[Round "1"]
[White "Tsomaia, Nikoloz"]
[Black "Paravyan, David"]
[Result "0-1"]
[WhiteElo "2206"]
[BlackElo "2548"]
[PlyCount "52"]
[EventDate "2017.11.13"]
[EventType "swiss"]
[EventRounds "9"]
[EventCountry "GEO"]
[SourceTitle "CBM 181 Extra"]
[Source "ChessBase"]
[SourceDate "2017.12.12"]
[SourceVersion "1"]
[SourceVersionDate "2017.12.12"]
[SourceQuality "1"]

1. e4 c5 2. Nf3 e6 3. d4 cxd4 4. Nxd4 Nf6 5. Nc3 d6 6. Bg5 Bd7 7. f4 Nc6 8. Qd2 h6 9. Bxf6 Qxf6 10. Nxc6 bxc6 11. 0-0-0 Qd8 12. Bc4 Be7 13. Kb1 a5 14. f5 exf5 15. exf5 0-0 16. f6 Bxf6 17. Qxd6 Bxc3 18. bxc3 Qb6+ 19. Ka1 Bf5 20. Bd3 Rfd8 21. Qf4 Qc5 22. Qxf5 Qxc3+ 23. Kb1 g6 24. Qf4 Rab8+ 25. Kc1 Rb4 26. Qc7 Rdb8 0-1

[Event "Fajr op 25th"]
[Site "Sareyn"]
[Date "2017.02.02"]
[Round "9"]
[White "Tsomaia, Nikoloz"]
[Black "Ghaem Maghami, Ehsan"]
[Result "1/2-1/2"]
[WhiteElo "2246"]
[BlackElo "2574"]
[PlyCount "41"]
[EventDate "2017.01.28"]
[EventType "swiss"]
[EventRounds "11"]
[EventCountry "IRI"]
[SourceTitle "CBM 176 Extra"]
[Source "ChessBase"]
[SourceDate "2017.03.02"]
[SourceVersion "1"]
[SourceVersionDate "2017.03.02"]
[SourceQuality "1"]

1. e4 c5 2. Nf3 e6 3. d4 cxd4 4. Nxd4 a6 5. Bd3 Nf6 6. 0-0 Qc7 7. Qe2 d6 8. c4 g6 9. Nc3 Bg7 10. Nf3 Nc6 11. Rd1 Nd7 12. Bf4 Nde5 13. Rac1 0-0 14. b3 Bd7 15. Bb1 Rfd8 16. h3 Rac8 17. Bg5 Re8 18. Be3 Red8 19. Bg5 Re8 20. Be3 Red8 21. Bg5 1/2-1/2

[Event "Rasht Khazar op 15th"]
[Site "Rasht"]
[Date "2017.01.25"]
[Round "7"]
[White "Tsomaia, Nikoloz"]
[Black "Tiviakov, Sergei"]
[Result "0-1"]
[WhiteElo "2246"]
[BlackElo "2601"]
[PlyCount "94"]
[EventDate "2017.01.20"]
[EventType "swiss"]
[EventRounds "9"]
[EventCountry "IRI"]
[SourceTitle "CBM 176 Extra"]
[Source "ChessBase"]
[SourceDate "2017.03.02"]
[SourceVersion "1"]
[SourceVersionDate "2017.03.02"]
[SourceQuality "1"]

1. e4 d5 2. exd5 Qxd5 3. Nc3 Qd6 4. d4 c6 5. Nf3 Bg4 6. Be3 Nf6 7. Be2 Nbd7 8. Qd2 e6 9. 0-0-0 Be7 10. h3 Bh5 11. g4 Bg6 12. Ne5 Nxe5 13. Bf4 0-0-0 14. Bxe5 Qb4 15. Kb1 Rhg8 16. a3 Qb6 17. Ka1 Bd6 18. Na4 Qc7 19. f4 Ne4 20. Qe3 Qa5 21. Bd3 Qxa4 22. Bxe4 Bxe4 23. Qxe4 Bxa3 24. bxa3 Qxa3+ 25. Kb1 Rd5 26. Rd3 Rb5+ 27. Rb3 Rxb3+ 28. cxb3 f6 29. Kc2 fxe5 30. Qxe5 Kd7 31. Qh5 Rf8 32. Qxh7 Rxf4 33. Qxg7+ Kc8 34. Qh8+ Rf8 35. Ra1 Qb4 36. Ra4 Rxh8 37. Rxb4 b5 38. d5 exd5 39. g5 Rxh3 40. Rg4 Rh7 41. b4 Kd7 42. Rf4 Rg7 43. Kc3 Rxg5 44. Kd4 Kc7 45. Kc5 d4+ 46. Kxd4 Rg3 47. Rf1 Rb3 0-1

[Event "Rasht Khazar op 15th"]
[Site "Rasht"]
[Date "2017.01.24"]
[Round "6"]
[White "Sammalvuo, Tapani"]
[Black "Tsomaia, Nikoloz"]
[Result "1-0"]
[WhiteElo "2437"]
[BlackElo "2246"]
[PlyCount "43"]
[EventDate "2017.01.20"]
[EventType "swiss"]
[EventRounds "9"]
[EventCountry "IRI"]
[SourceTitle "CBM 176 Extra"]
[Source "ChessBase"]
[SourceDate "2017.03.02"]
[SourceVersion "1"]
[SourceVersionDate "2017.03.02"]
[SourceQuality "1"]

1. d4 Nf6 2. c4 c5 3. d5 e6 4. Nc3 exd5 5. cxd5 d6 6. e4 g6 7. Bd3 Bg7 8. h3 0-0 9. Nf3 b5 10. Nxb5 Nxe4 11. Bxe4 Re8 12. Ng5 h6 13. Ne6 fxe6 14. 0-0 e5 15. Bxg6 Rf8 16. Qh5 Ba6 17. a4 Nd7 18. Bxh6 Nf6 19. Qh4 Bxb5 20. axb5 Bxh6 21. Qxh6 Qe7 22. Bf5 1-0

[Event "Poti Aleksandria Cup 11th"]
[Site "Poti"]
[Date "2016.07.19"]
[Round "8"]
[White "Guseynov, Alihan"]
[Black "Tsomaia, Nikoloz"]
[Result "0-1"]
[WhiteElo "2320"]
[BlackElo "2168"]
[PlyCount "162"]
[EventDate "2016.07.13"]
[EventType "swiss"]
[EventRounds "9"]
[EventCountry "GEO"]
[SourceTitle "CBM 173 Extra"]
[Source "ChessBase"]
[SourceDate "2016.08.29"]
[SourceVersion "1"]
[SourceVersionDate "2016.08.29"]
[SourceQuality "1"]

1. d4 Nf6 2. c4 c5 3. Nf3 cxd4 4. Nxd4 b6 5. Nc3 Bb7 6. Bg5 d6 7. f3 e6 8. e4 a6 9. Be2 Nbd7 10. 0-0 Be7 11. Kh1 0-0 12. Be3 Qc7 13. Rc1 Rac8 14. Nb3 Qb8 15. Qe1 Bd8 16. Qf2 Re8 17. Rfd1 Bc7 18. Qg1 Kh8 19. Nd2 Rg8 20. Nf1 g5 21. Bd4 Rg6 22. g4 Rh6 23. Bd3 Ba8 24. b3 Re8 25. Bb1 Kg8 26. Rc2 d5 27. cxd5 exd5 28. exd5 Nxd5 29. Ne4 N5f6 30. Re2 Ne5 31. Bxe5 Rxe5 32. Rde1 Bc6 33. Nfg3 Re6 34. Nf1 Bf4 35. Nxf6+ Rexf6 36. Be4 Bb5 37. Rc2 Rh3 38. a4 Bd7 39. Qd4 Rd6 40. Qc4 b5 41. axb5 Bxb5 42. Qc8+ Qxc8 43. Rxc8+ Kg7 44. Rc2 Rdh6 45. Kg1 Bxf1 46. Rxf1 Bxh2+ 47. Kf2 Bg3+ 48. Ke3 Rd6 49. Bd3 Bf4+ 50. Ke4 h5 51. gxh5 Rxh5 52. Bc4 Kg6 53. Bd5 f6 54. Rc6 Rd8 55. Be6 Rh2 56. Bf5+ Kf7 57. Be6+ Kg6 58. Bf5+ Kg7 59. Be6 Re2+ 60. Kf5 Re5+ 61. Kg4 Rd2 62. Rc7+ Kf8 63. Rf7+ Ke8 64. Rxf6 Rh2 65. Rxf4 Rh4+ 66. Kg3 Rxf4 67. Bc4 a5 68. Rc1 Ke7 69. Rc3 Kd6 70. Bg8 Rc5 71. Re3 Kc6 72. Bh7 Kb5 73. Be4 Kb4 74. Ba8 Rf8 75. Bb7 Rf7 76. Ba8 Ra7 77. Be4 Rc3 78. Rxc3 Kxc3 79. Bd5 Rd7 80. Bg8 Rd4 81. Be6 Rb4 0-1